Liability for disrepair (Record no. 61304)

MARC details
000 -LEADER
fixed length control field 01115cam a2200193 4500
001 - CONTROL NUMBER
control field X102275
008 - FIXED-LENGTH DATA ELEMENTS--GENERAL INFORMATION
fixed length control field 000000n1999 000 0 eng u
035 ## - SYSTEM CONTROL NUMBER
System control number (Sirsi) u102275
245 ## - TITLE STATEMENT
Title Liability for disrepair
260 ## - PUBLICATION, DISTRIBUTION, ETC.
Date of publication, distribution, etc. 1999
490 ## - SERIES STATEMENT
Series statement Estates Gazette Case Summaries
Volume/sequential designation [1999] EGCS 128, 13 November 1999
520 ## - SUMMARY, ETC.
Summary, etc. Rogers v Lambeth London BC. CA 29 October 1999. The defendant council obtained a possession order, but R did not comply with the terms of the order. R claimed damages for breach of repair covenant, so the 2 parties entered into an agreement to cover the rent arrears. The council denied their obligation to repair damages during the period of tolerated occupation of R as a former secure tenant. The claim was heard under s85 of the Housing Act 1985. R awarded damages, to be satisfied by cancellation of the rent arrears. The council appealed. Held, appeal dismissed.
650 ## - SUBJECT ADDED ENTRY--TOPICAL TERM
Topical term or geographic name entry element ROGERS V LAMBETH LBC
650 ## - SUBJECT ADDED ENTRY--TOPICAL TERM
Topical term or geographic name entry element HOUSING ACT 1985 S85
650 ## - SUBJECT ADDED ENTRY--TOPICAL TERM
Topical term or geographic name entry element COVENANT TO REPAIR
650 ## - SUBJECT ADDED ENTRY--TOPICAL TERM
Topical term or geographic name entry element POSSESSION ORDER
690 ## - LOCAL SUBJECT ADDED ENTRY--TOPICAL TERM (OCLC, RLIN)
Topical term or geographic name as entry element LANDLORD AND TENANT-CASE LAW-RESIDENTIAL TENANCIES
942 ## - ADDED ENTRY ELEMENTS (KOHA)
Suppress in OPAC 0
Holdings
Withdrawn status Lost status Source of classification or shelving scheme Damaged status Not for loan Home library Current library Shelving location Date acquired Total Checkouts Full call number Barcode Date last seen Copy number Price effective from Koha item type
    Dewey Decimal Classification     London London Gallery 18/11/1999   X102275 102275-1001 06/08/2019 1 06/08/2019 Law report